|
|
|
|
| LEADER |
01020cam a2200277 i 4500 |
| 001 |
0000150503 |
| 005 |
20251118090000.0 |
| 008 |
251118t20232024nyu eng # |
| 020 |
|
|
|a 9781250338006
|q paperback
|
| 040 |
|
|
|a KPM
|b eng
|c KPM
|e rda
|
| 090 |
0 |
0 |
|a 683.400973
|b MCW
|e 2023
|
| 100 |
1 |
|
|a McWhirter, Cameron,
|e author
|
| 245 |
1 |
0 |
|a AMERICAN GUN :
|b THE TRUE STORY OF THE AR-15
|c CAMERON McWHIRTER AND ZUSHA ELINSON
|
| 250 |
|
|
|a 1st edition
|
| 264 |
|
1 |
|a New York :
|b Farrar, Straus and Giroux
|c 2023
|
| 300 |
|
|
|a xiii, 473 pages, 8 unnumbered pages of plates ;
|b illustrations,
|c 20 cm
|
| 336 |
|
|
|a text
|2 rdacontent
|
| 337 |
|
|
|a unmediated
|2 rdamedia
|
| 338 |
|
|
|a volume
|2 rdacarrier
|
| 504 |
|
|
|a Includes bibliography reference and index
|
| 650 |
1 |
0 |
|a Semi-automatic rifles
|x History
|
| 650 |
|
0 |
|a Assault weapons
|x History
|
| 650 |
|
0 |
|a AR-15 rifle
|x History
|
| 700 |
1 |
|
|a Elinson, Zusha,
|d 1980-
|e author
|
| 852 |
1 |
|
|a 01
|
| 999 |
|
|
|a H0026722
|b KEMENTAH
|d BOOKS
|e Fiksyen (F)
|f Perpustakaan KEMENTAH
|j AVAILABLE
|q GOOD CONDITION
|